Sistemas de comunicaciones por fibras ópticas (Registro nro. 701)
[ vista simple ]
| 000 -Cabecera | |
|---|---|
| Campo de control de longitud fija | 00760aam a2200277 4500 |
| 005 - Fecha y hora de la última transacción | |
| Campo de control | 20231023181206.0 |
| 008 - Elementos de longitud fija--Información general | |
| Campo de control de longitud fija | 150901b1995 xxu||||| |||| 00| 0 spa d |
| 020 ## - International Standard Book Number | |
| Número Internacional Estándar del Libro (ISBN) | 9789701501016 |
| 041 ## - Idioma | |
| Código de idioma | Español |
| 082 ## - Clasificación Decimal Dewey | |
| Número de clasificación | 621.382.75 J37c |
| 100 ## - Entrada principal--Autor personal | |
| Nombre personal | Aguilar Jardon, Hildeberto |
| 9 (RLIN) | 20182 |
| 100 ## - Entrada principal--Autor personal | |
| Nombre personal | Miranda Linares, Roberto |
| 9 (RLIN) | 20183 |
| 245 ## - Título propiamente dicho | |
| Título | Sistemas de comunicaciones por fibras ópticas |
| 260 ## - Pie de imprenta | |
| Lugar de publicación, distribución, etc. | México |
| 260 ## - Pie de imprenta | |
| Nombre del editor, distribuidor, etc. | Alfaomega |
| 260 ## - Pie de imprenta | |
| Fecha de publicación, distribución, etc. | 1995 |
| 300 ## - Descripción física | |
| Extensión | 261 páginas |
| 650 ## - Materia general | |
| Temática (materia general) | FIBRA ÓPTICA |
| 650 ## - Materia general | |
| Temática (materia general) | SISTEMA DE COMUNICACIONES |
| 650 ## - Materia general | |
| Temática (materia general) | CONECTOR |
| 650 ## - Materia general | |
| Temática (materia general) | FUENTES ÓPTICAS |
| 650 ## - Materia general | |
| Temática (materia general) | TRANSISTORES ÓPTICOS |
| 650 ## - Materia general | |
| Temática (materia general) | RECEPTORES ÓPTICOS |
| 942 ## - Punto de acceso adicional KOHA | |
| Tipo de ítem KOHA | Libro |
| Fuente del sistema de clasificación o colocación | Dewey Decimal Classification |
| Signatura completa | Código de barras | Programa Académico | Tipo de ítem |
|---|---|---|---|
| 621.382.75 J37c | 2595 | Electrónica | Libro |